000 01260nam a2200301Ia 4500
999 _c4747
_d4747
003 OSt
005 20200604122527.0
008 191128s2015 pe ad gr 000 0 spa d
020 _a9786124119576
040 _aCO-JMCR
_cCO-JMCR
041 _aspa
082 0 4 _a330.1 /
_bB875p
_223
100 1 _aBurneo, Kurt,
_eautor
_94947
245 1 0 _aPrincipios de economía /
_cKurt Burneo, J. Fernando Larios M. ; coordinador de producción editorial María Olivera Cano ; corrección de estilo Rafael Felices Taboada
250 _aSegunda edición
260 _aLima :
_bUniversidad San Ignacio de Loyola,
_c2015
300 _a384 páginas :
_bgráficos a blanco y negro, tablas ;
_c30 cm.
500 _aIncluye datos biográficos de los autores páginas 383-384.
504 _aBibliografía: páginas 382.
505 _aAspectos microeconómicos -- Aspectos macroeconómicos -- Nuevos conceptos sobre la economía: la economía en la era digital
650 1 4 _aEconomía
_94948
650 2 4 _aAnálisis económico
_91810
650 2 4 _aMicroeconomía
_94949
700 1 _aLarios M., J. Fernando,
_eautor
_94950
700 1 _a Olivera Cano, María,
_eeditor
_94951
700 1 _aial Taboada, Rafael Felices,
_ecorrectora de estilo
_94952
942 _2ddc
_cBK